The wonderful story of Henry Sugar : and six more /

保存先:
書誌詳細
第一著者: Dahl, Roald
フォーマット: 図書
言語:English
出版事項: Harmondsworth, Middlesex : Penguin, 1982.
主題:
LEADER 01094cam a2200289 a 4500
001 c000271616
003 CARM
005 20070911100241.0
008 820831s1982 enk 000 j eng d
015 |a B8225424 
019 1 |a 12547227  |z 2347894  |z 23901699  |5 LACONCORD2021 
020 |a 0140057730 (pbk.) :  |c £1.50 
035 |a (OCoLC)491667933  |5 LACONCORD2021 
040 |a BNB  |b eng  |c BNB  |d SFED  |d VCAV 
082 0 4 |a 823.914  |2 22 
082 0 4 |a 823.91  |2 18 
100 1 |a Dahl, Roald. 
245 1 4 |a The wonderful story of Henry Sugar :  |b and six more /  |c Roald Dahl. 
260 |a Harmondsworth, Middlesex :  |b Penguin,  |c 1982. 
300 |a 238 p. ;  |c 19 cm. 
500 |a Short stories in English,. 1900-1945 - Texts (BNB/PRECIS) 
500 |a Originally published: London : Cape, 1977. 
650 0 |a Short stories, English. 
650 0 |a Horror tales, English. 
852 8 |b CARM  |h A1:AM18A0  |i A04781  |p 0388896  |f BK 
999 f f |i 74b4c281-00dc-59b3-871e-f16f0106a0de  |s 6f9b36ce-354e-5c29-ac17-e25558d7621f 
952 f f |p Can circulate  |a CAVAL  |b CAVAL  |c CAVAL  |d CARM 1 Store  |e A04781  |f A1:AM18A0  |h Other scheme  |i book  |m 0388896